Podział administracyjny Hiszpanii - Statystyki

Ogólne statystyki
  • Ten quiz został rozwiązany 6 razy
  • Średni wynik to 5 z 19
Statystyki odpowiedzi
Obrazkowy Odpowiedź % Poprawnych
Katalonia
80%
Kraj Basków
80%
Aragonia
60%
Galicja
60%
Andaluzja
40%
Asturia
40%
Kastylia i León
40%
Ceuta
20%
Madryt
20%
Murcja
20%
Nawarra
20%
Walencja
20%
Wyspy Kanaryjskie
20%
Baleary
0%
Estremadura
0%
Kantabria
0%
Kastylia-La Mancha
0%
La Rioja
0%
Melilla
0%
Nie znaleziono quizów pasujących do podanych kryteriów
Rozkład punktacji
Procent ludzi z każdym wynikiem
Percentyl według liczby udzielonych odpowiedzi
Twoja historia wyników
Nie rozwiązałeś tego quizu